000 00788nam a2200217Ii 4500
003 JO-AjNU
008 230605s9999||||xx |||||||||||||| ||und||
017 _a2017/9/5100
020 _a978-9957-95-5-021
040 _aJO-AjNU
_bara
_erda
_cJO-AjNU
041 _aara
050 1 4 _aHD58.7 2020
100 3 _aصابر، بحري,
_eauthor
_961612
245 0 0 _aالسلوك التنظيمي في منظمات الاعمال: القيادة - الدافعية - التغيير التنظيمي
264 3 1 _aعمان: دار الايام للنشر والتوزيع، 2020
300 _a318ص
336 _atext
_btxt
_2rdacontent
337 _aunmediated
_bn
_2rdamedia
338 _avolume
_bnc
_2rdacarrier
650 4 _aالسلوك التنظيمي-ادارة الاعمال
_961613
999 _aA27858
_c31426
_d31426